| 000 | 00343nam a2200145Ia 4500 | ||
|---|---|---|---|
| 005 | 20251222141900.0 | ||
| 008 | 251222s9999||||xx |||||||||||||| ||spa|| | ||
| 020 | _a1501322002-4734 | ||
| 082 | _a382/C81 | ||
| 100 | _aCornejo RamÃrez, Enrique | ||
| 245 | 0 | _aComercio Internacional: | |
| 250 | _a3a.ed. | ||
| 264 | _bSan Marcos | ||
| 942 | _cLIB | ||
| 999 |
_c8043 _d8043 |
||